Grands névropathes (Record no. 37964)

MARC details
000 -LEADER
campo de control de longitud fija 00936nam a2200205 i 4500
001 - NÚMERO DE CONTROL
campo de control 37964
003 - IDENTIFICADOR DE NÚMERO DE CONTROL
campo de control ES-MaACL
005 - FECHA Y HORA DE LA ÚLTIMA TRANSACCIÓN
campo de control 20230906155655.0
007 - CAMPO FIJO DE DESCRIPCIÓN FÍSICA--INFORMACIÓN GENERAL
campo de control de longitud fija t|
008 - DATOS DE LONGITUD FIJA--INFORMACIÓN GENERAL
campo de control de longitud fija 030224s1930 fr ||||1| fre d
080 ## - NÚMERO DE LA CLASIFICACIÓN DECIMAL UNIVERSAL
Número de la Clasificación Decimal Universal 929
100 1# - ENTRADA PRINCIPAL--NOMBRE DE PERSONA
Nombre de persona Cabanès, Augustin.
9 (RLIN) 33136
245 10 - MENCIÓN DEL TÍTULO
Título Grands névropathes
Resto del título : malades immortels /
Mención de responsabilidad, etc. Augustin Cabanès.
260 ## - PUBLICACIÓN, DISTRIBUCIÓN, ETC.
Lugar de publicación, distribución, etc. Paris :
Nombre del editor, distribuidor, etc. Albin Michel,
Fecha de publicación, distribución, etc. 1930.
300 ## - DESCRIPCIÓN FÍSICA
Extensión 3 v. ;
Dimensiones 19 cm.
505 8# - NOTA DE CONTENIDO CON FORMATO
Nota de contenido con formato Contiene: T. I: Bandelaire. Byron. Chateaubriand. Moliere. Pascal. Shelley. Wagner. -- T. II: La fontaine. Rosseau. Retif de la Bretonne. Bernandin de Saint Pierre. Lamennais. Auguste Comte. Alfred de Musset. Victor Hugo. Sainte Beuve. Les freres de Goncourt. -- T. III: Hoffmann. Heine. Swift. Quincey. Coleridge. Cooper. Jennyson. Chopin Gogol. Gontcharov. Lermontov Dostoievsky
650 #4 - PUNTO DE ACCESO ADICIONAL DE MATERIA--TÉRMINO DE MATERIA
Término de materia o nombre geográfico como elemento de entrada Escritores-
Subdivisión de forma Biografías.
9 (RLIN) 136034
650 #4 - PUNTO DE ACCESO ADICIONAL DE MATERIA--TÉRMINO DE MATERIA
Término de materia o nombre geográfico como elemento de entrada Celebridades.
9 (RLIN) 139988
852 4# - LOCALIZACIÓN
Ubicación ES-MaACL
Número de control de estantería A-4259-61
Holdings
Estatus retirado Estado de pérdida Estado de daño No para préstamo Biblioteca de origen Biblioteca actual Ubicación en estantería Fecha de adquisición Fuente de adquisición Total de préstamos Signatura topográfica completa Código de barras Visto por última vez Precio de reemplazo Tipo de ítem Koha
        Biblioteca del Ateneo de Madrid Biblioteca del Ateneo de Madrid Sala Pecera Planta 1 17/01/2008     A-4259-61 1039972 23/02/2023 23/02/2023 Libro impreso